Hòa nhập xã hội của nhóm lao động nghèo nhập cư ở Hà Nội /
שמור ב:
| מחבר ראשי: | |
|---|---|
| מחברים אחרים: | , |
| פורמט: | Bài viết |
| שפה: | Vietnamese |
| נושאים: | |
| תגים: |
הוספת תג
אין תגיות, היה/י הראשונ/ה לתייג את הרשומה!
|
| Thư viện lưu trữ: | Thư viện Trường Đại học Đà Lạt |
|---|
| LEADER | 00858nam a2200277 4500 | ||
|---|---|---|---|
| 001 | DLU170182200 | ||
| 005 | ##20171130 | ||
| 040 | # | # | |a DLU |b vie |
| 041 | # | # | |a vie |
| 044 | # | # | |a vn |
| 100 | # | # | |a Nguyễn Tuấn Anh. |
| 245 | # | # | |a Hòa nhập xã hội của nhóm lao động nghèo nhập cư ở Hà Nội / |c Nguyễn Tuấn Anh, Lê Mai Trang, Phạm Văn Quyết. |
| 653 | # | # | |a Hà Nội |
| 653 | # | # | |a Người nghèo |
| 653 | # | # | |a Người nhập cư |
| 700 | # | # | |a Lê Mai Trang. |
| 700 | # | # | |a Phạm Văn Quyết. |
| 773 | # | # | |t Xã hội học |g Số 2(134), 2016, tr. 26-35 |
| 920 | # | # | |a Phòng Tạp chí -- Trung tâm Thông tin - Thư viện Trường Đại học Đà Lạt |
| 900 | # | # | |a True |
| 911 | # | # | |a Nguyễn Thị Thu Phương |
| 925 | # | # | |a G |
| 926 | # | # | |a A |
| 927 | # | # | |a BB |
| 980 | # | # | |a Thư viện Trường Đại học Đà Lạt |